[Event "Deutsche Ländermeisterschaft 2022"]
[Site "Wiesbaden GER"]
[Date "2022.10.01"]
[Round "1"]
[White "Kellner, Anton"]
[Black "Bräutigam, Katerina"]
[Result "0-1"]
[Termination "normal"]
[Board "4.6"]
[WhiteElo "1382"]
[BlackElo "1873"]
[WhiteClock "00:24:58"]
[BlackClock "00:02:06"]
[WhiteTeam "Hamburg"]
[BlackTeam "Schleswig-Holstein"]
[PlyCount "82"]
[WhiteFideId "16293185"]
[BlackFideId "16242980"]
[EventCountry "GER"]
[EventRounds "7"]
[EventType "team-swiss"]
[EventDate "2022.09.30"]

1. d4 {[%clk 01:30:58]} Nf6 {[%clk 01:30:55]} {[%emt 00:00:05]} 2. c4 {[%clk
01:31:21]} {[%emt 00:00:07]} e6 {[%clk 01:31:21]} {[%emt 00:00:05]} 3. Nf3
{[%clk 01:31:43]} {[%emt 00:00:07]} b6 {[%clk 01:31:46]} {[%emt 00:00:05]} 4.
Nc3 {[%clk 01:31:41]} {[%emt 00:00:32]} Bb4 {[%clk 01:32:10]} {[%emt 00:00:06]}
5. Bg5 {[%clk 01:31:09]} {[%emt 00:01:00]} Bb7 {[%clk 01:32:20]} {[%emt
00:00:22]} 6. e3 {[%clk 01:30:59]} {[%emt 00:00:40]} h6 {[%clk 01:31:51]}
{[%emt 00:00:59]} 7. Bh4 {[%clk 01:31:18]} {[%emt 00:00:09]} c5 {[%clk
01:26:37]} {[%emt 00:05:47]} 8. Bd3 {[%clk 01:29:51]} {[%emt 00:01:52]} cxd4
{[%clk 01:23:58]} {[%emt 00:03:14]} 9. exd4 {[%clk 01:30:05]} {[%emt 00:00:16]}
O-O {[%clk 01:22:10]} {[%emt 00:02:18]} 10. O-O {[%clk 01:30:15]} {[%emt
00:00:18]} Be7 {[%clk 01:19:36]} {[%emt 00:03:05]} 11. Bc2 {[%clk 01:28:36]}
{[%emt 00:02:02]} d5 {[%clk 01:15:18]} {[%emt 00:04:56]} 12. cxd5 {[%clk
01:26:58]} {[%emt 00:02:08]} Nxd5 {[%clk 01:13:12]} {[%emt 00:02:37]} 13. Bg3
{[%clk 01:25:18]} {[%emt 00:02:09]} Ba6 {[%clk 00:52:21]} {[%emt 00:21:22]} 14.
Nxd5 {[%clk 01:20:31]} {[%emt 00:05:18]} Qxd5 {[%clk 00:48:05]} {[%emt
00:04:45]} 15. Re1 {[%clk 01:20:31]} {[%emt 00:00:27]} Nc6 {[%clk 00:44:09]}
{[%emt 00:04:29]} 16. Be4 {[%clk 01:18:53]} {[%emt 00:02:07]} Qd7 {[%clk
00:42:42]} {[%emt 00:01:58]} 17. Qa4 {[%clk 01:15:23]} {[%emt 00:03:53]} Bb7
{[%clk 00:39:19]} {[%emt 00:04:00]} 18. Rac1 {[%clk 01:12:30]} {[%emt
00:03:17]} Rac8 {[%clk 00:32:03]} {[%emt 00:07:52]} 19. Rc3 {[%clk 01:07:05]}
{[%emt 00:05:51]} a6 {[%clk 00:04:46]} {[%emt 00:27:51]} 20. Rec1 {[%clk
01:00:58]} {[%emt 00:06:36]} b5 {[%clk 00:04:21]} {[%emt 00:00:55]} 21. Qc2
{[%clk 01:00:51]} {[%emt 00:00:25]} Nb4 {[%clk 00:02:51]} {[%emt 00:02:13]} 22.
Bh7+ {[%emt 00:09:02]} Kh8 23. Qb1 {[%clk 00:52:31]} {[%emt 00:00:12]} Nxa2
{[%clk 00:01:00]} {[%emt 00:02:56]} 24. Rc7 {[%clk 00:45:43]} {[%emt 00:07:14]}
Qd5 {[%clk 00:00:44]} {[%emt 00:00:50]} 25. R1c2 {[%clk 00:41:21]} {[%emt
00:04:48]} Rxc7 {[%clk 00:00:53]} {[%emt 00:00:25]} 26. Rxc7 {[%clk 00:41:39]}
{[%emt 00:00:11]} Bf6 {[%clk 00:00:36]} {[%emt 00:00:48]} 27. Rc5 {[%clk
00:37:45]} {[%emt 00:04:22]} Qd8 {[%clk 00:01:05]} {[%emt 00:00:03]} 28. Rc7
{[%clk 00:35:11]} {[%emt 00:03:03]} Qd5 {[%clk 00:01:32]} {[%emt 00:00:04]} 29.
Rc5 {[%emt 00:01:19]} Qd8 {[%emt 00:00:01]} 30. Rc7 {[%clk 00:33:08]} {[%emt
00:01:44]} Bxf3 {[%clk 00:02:18]} {[%emt 00:00:13]} 31. gxf3 {[%clk 00:31:52]}
{[%emt 00:01:44]} Qxd4 {[%clk 00:02:32]} {[%emt 00:00:17]} 32. Qxa2 {[%clk
00:30:29]} {[%emt 00:01:54]} Kxh7 {[%clk 00:03:00]} {[%emt 00:00:02]} 33. Qxa6
{[%clk 00:29:22]} {[%emt 00:01:37]} Qxb2 {[%clk 00:02:15]} {[%emt 00:01:15]}
34. Qb7 {[%clk 00:28:52]} {[%emt 00:00:58]} b4 {[%clk 00:01:25]} {[%emt
00:01:23]} 35. Bd6 {[%clk 00:27:14]} {[%emt 00:02:05]} Qb1+ {[%clk 00:01:37]}
{[%emt 00:00:20]} 36. Kg2 {[%clk 00:27:26]} Qg6+ {[%clk 00:01:27]} {[%emt
00:00:58]} 37. Kf1 {[%clk 00:24:32]} Qd3+ {[%clk 00:01:50]} {[%emt 00:03:32]}
38. Kg2 {[%clk 00:24:42]} Qxd6 {[%clk 00:02:06]} {[%emt 00:00:34]} 39. Rxf7
{[%clk 00:24:58]} Rxf7 {[%clk 00:02:06]} 40. Qxf7 {[%clk 00:24:58]} b3 {[%clk
00:02:06]} 41. Qb7 {[%clk 00:24:58]} b2 {[%clk 00:02:06]} 0-1

[Event "Deutsche Ländermeisterschaft 2022"]
[Site "Wiesbaden GER"]
[Date "2022.10.01"]
[Round "1"]
[White "Abram, Kristina-Maria"]
[Black "Kutz, Ida Klara"]
[Result "0-1"]
[Termination "normal"]
[Board "4.8"]
[WhiteElo "1158"]
[BlackElo "1411"]
[WhiteClock "00:26:55"]
[BlackClock "00:22:44"]
[WhiteTeam "Hamburg"]
[BlackTeam "Schleswig-Holstein"]
[PlyCount "122"]
[WhiteFideId "16298349"]
[BlackFideId "16296257"]
[EventCountry "GER"]
[EventRounds "7"]
[EventType "team-swiss"]
[EventDate "2022.09.30"]

1. d4 {[%clk 01:30:57]} {[%emt 00:00:01]} Nf6 {[%clk 01:30:49]} {[%emt
00:00:12]} 2. Bf4 {[%clk 01:31:16]} {[%emt 00:00:10]} g6 {[%clk 01:31:05]}
{[%emt 00:00:15]} 3. e3 {[%clk 01:31:29]} {[%emt 00:00:17]} Bg7 {[%clk
01:30:55]} {[%emt 00:00:40]} 4. Nf3 {[%clk 01:31:24]} {[%emt 00:00:32]} O-O
{[%clk 01:31:07]} {[%emt 00:00:21]} 5. c3 {[%clk 01:31:39]} {[%emt 00:00:15]}
d6 {[%clk 01:30:07]} {[%emt 00:01:31]} 6. Be2 {[%clk 01:31:23]} {[%emt
00:00:44]} c5 {[%clk 01:29:20]} {[%emt 00:01:20]} 7. h3 {[%clk 01:29:34]}
{[%emt 00:02:18]} cxd4 {[%clk 01:27:44]} {[%emt 00:02:06]} 8. cxd4 {[%clk
01:29:49]} {[%emt 00:00:15]} Qb6 {[%clk 01:27:04]} {[%emt 00:01:10]} 9. Qc2
{[%clk 01:28:53]} {[%emt 00:01:20]} Bf5 {[%clk 01:26:34]} {[%emt 00:01:06]} 10.
Qc1 {[%clk 01:25:39]} {[%emt 00:03:36]} Na6 {[%clk 01:25:03]} {[%emt 00:02:09]}
11. Nbd2 {[%clk 01:23:38]} {[%emt 00:02:25]} Nb4 {[%clk 01:23:49]} {[%emt
00:01:50]} 12. O-O {[%clk 01:21:31]} {[%emt 00:02:37]} Rac8 {[%clk 01:23:08]}
{[%emt 00:01:11]} 13. Nc4 {[%clk 01:20:41]} {[%emt 00:01:16]} Qc7 {[%clk
01:22:09]} {[%emt 00:01:32]} 14. a3 {[%clk 01:17:07]} {[%emt 00:04:04]} Nd3
{[%clk 01:21:54]} {[%emt 00:00:46]} 15. Bxd3 {[%clk 01:09:05]} {[%emt
00:08:31]} Bxd3 {[%clk 01:21:59]} {[%emt 00:00:25]} 16. Ncd2 {[%clk 01:07:50]}
{[%emt 00:01:37]} Bxf1 {[%clk 01:20:53]} {[%emt 00:01:44]} 17. Qxf1 {[%clk
01:08:11]} {[%emt 00:00:08]} Qc2 {[%clk 01:18:56]} {[%emt 00:02:28]} 18. b4
{[%clk 01:05:27]} {[%emt 00:03:13]} Nd7 {[%clk 01:17:37]} {[%emt 00:01:50]} 19.
Qb5 {[%clk 00:58:22]} {[%emt 00:07:25]} Nb6 {[%clk 01:14:34]} {[%emt 00:03:43]}
20. Qg5 {[%clk 00:56:11]} {[%emt 00:02:26]} Rfe8 {[%clk 01:11:25]} {[%emt
00:03:54]} 21. Qh4 {[%clk 00:50:09]} {[%emt 00:06:30]} e5 {[%clk 01:07:45]}
{[%emt 00:04:12]} 22. Bh6 {[%clk 00:47:19]} {[%emt 00:03:11]} f6 {[%clk
01:02:23]} {[%emt 00:06:01]} 23. Bxg7 {[%clk 00:43:58]} {[%emt 00:03:50]} Kxg7
{[%clk 01:00:58]} {[%emt 00:01:55]} 24. Ne4 {[%clk 00:43:30]} {[%emt 00:00:47]}
Re6 {[%clk 00:54:12]} {[%emt 00:07:27]} 25. Nfg5 fxg5 {[%clk 00:52:20]} 26.
Nxg5 {[%clk 00:42:17]} {[%emt 00:00:09]} Qf5 {[%clk 00:50:17]} {[%emt
00:02:33]} 27. Qxh7+ {[%clk 00:38:00]} {[%emt 00:04:46]} Kf8 {[%clk 00:50:09]}
{[%emt 00:00:32]} 28. Qh8+ {[%clk 00:38:18]} {[%emt 00:00:16]} Ke7 {[%clk
00:50:13]} {[%emt 00:00:29]} 29. Qg7+ {[%clk 00:38:17]} {[%emt 00:00:23]} Ke8
{[%clk 00:44:19]} {[%emt 00:06:32]} 30. Nxe6 {[%clk 00:33:17]} {[%emt
00:05:29]} Qxe6 {[%clk 00:44:00]} {[%emt 00:00:50]} 31. Qh8+ {[%clk 00:32:37]}
{[%emt 00:01:06]} Ke7 {[%clk 00:43:33]} {[%emt 00:01:02]} 32. Qh4+ {[%clk
00:32:32]} {[%emt 00:00:30]} Qf6 {[%clk 00:43:40]} {[%emt 00:00:27]} 33. Qh7+
{[%clk 00:32:47]} {[%emt 00:00:12]} Ke6 {[%clk 00:43:20]} {[%emt 00:00:53]} 34.
dxe5 {[%clk 00:32:17]} {[%emt 00:00:59]} dxe5 {[%clk 00:42:56]} {[%emt
00:00:55]} 35. Rd1 {[%clk 00:32:07]} {[%emt 00:00:34]} Qf7 {[%clk 00:41:10]}
{[%emt 00:02:23]} 36. Qh4 {[%clk 00:31:56]} {[%emt 00:00:31]} Nd5 {[%clk
00:34:48]} {[%emt 00:07:01]} 37. Qg4+ {[%clk 00:30:46]} {[%emt 00:01:34]} Qf5
{[%clk 00:32:46]} {[%emt 00:02:38]} 38. e4 {[%clk 00:30:48]} {[%emt 00:00:24]}
Qxg4 {[%clk 00:32:28]} {[%emt 00:00:51]} 39. exd5+ {[%clk 00:31:05]} {[%emt
00:00:14]} Kd6 {[%clk 00:32:52]} {[%emt 00:00:06]} 40. hxg4 {[%clk 00:31:30]}
{[%emt 00:00:04]} Rc3 {[%clk 00:33:05]} {[%emt 00:00:18]} 41. a4 {[%clk
00:30:22]} {[%emt 00:01:37]} Rc4 {[%clk 00:33:03]} {[%emt 00:00:33]} 42. g3
{[%clk 00:30:26]} {[%emt 00:00:25]} Rxg4 {[%clk 00:32:41]} {[%emt 00:00:55]}
43. Rb1 {[%clk 00:27:13]} {[%emt 00:03:36]} Kxd5 {[%clk 00:31:14]} {[%emt
00:02:03]} 44. a5 {[%clk 00:26:32]} {[%emt 00:01:05]} Kc6 {[%clk 00:28:03]}
{[%emt 00:03:47]} 45. b5+ {[%clk 00:26:20]} {[%emt 00:00:39]} Kc5 {[%clk
00:27:10]} {[%emt 00:01:26]} 46. Kg2 {[%clk 00:25:24]} {[%emt 00:01:22]} Rb4
{[%clk 00:26:40]} {[%emt 00:01:03]} 47. Rxb4 {[%clk 00:25:30]} {[%emt
00:00:25]} Kxb4 {[%clk 00:26:31]} {[%emt 00:00:38]} 48. Kf3 {[%clk 00:24:17]}
{[%emt 00:01:43]} Kxa5 {[%clk 00:25:38]} {[%emt 00:01:24]} 49. b6 {[%clk
00:24:30]} {[%emt 00:00:17]} Kxb6 {[%clk 00:25:53]} {[%emt 00:00:16]} 50. Ke3
{[%clk 00:24:45]} {[%emt 00:00:14]} Kc5 {[%clk 00:23:50]} {[%emt 00:02:35]} 51.
f4 {[%clk 00:24:45]} {[%emt 00:00:29]} exf4+ {[%clk 00:23:05]} {[%emt
00:01:15]} 52. Kxf4 {[%clk 00:24:58]} {[%emt 00:00:17]} a5 {[%clk 00:23:24]}
{[%emt 00:00:11]} 53. Ke3 {[%clk 00:24:34]} {[%emt 00:00:51]} Kb4 {[%clk
00:23:18]} {[%emt 00:00:39]} 54. Kd2 {[%clk 00:24:52]} {[%emt 00:00:12]} Kb3
{[%clk 00:23:20]} {[%emt 00:00:28]} 55. Kc1 {[%clk 00:25:08]} {[%emt 00:00:14]}
a4 {[%clk 00:23:22]} {[%emt 00:00:28]} 56. Kb1 {[%clk 00:25:27]} {[%emt
00:00:11]} Kc3 {[%clk 00:23:32]} {[%emt 00:00:20]} 57. Ka2 {[%clk 00:25:48]}
{[%emt 00:00:09]} b5 {[%clk 00:23:40]} {[%emt 00:00:22]} 58. g4 {[%clk
00:26:08]} {[%emt 00:00:09]} b4 {[%clk 00:22:40]} {[%emt 00:01:31]} 59. g5
{[%clk 00:26:31]} {[%emt 00:00:06]} Kc2 {[%clk 00:22:35]} {[%emt 00:00:35]} 60.
Ka1 {[%clk 00:26:46]} {[%emt 00:00:14]} a3 {[%clk 00:22:50]} {[%emt 00:00:16]}
61. Ka2 {[%clk 00:26:55]} {[%emt 00:00:14]} b3+ {[%clk 00:22:44]} {[%emt
00:00:43]} 0-1

[Event "Deutsche Ländermeisterschaft 2022"]
[Site "Wiesbaden GER"]
[Date "2022.10.01"]
[Round "1"]
[White "Weishäutel, Moritz"]
[Black "Stelmaszyk, Nico"]
[Result "1/2-1/2"]
[Termination "normal"]
[Board "5.1"]
[WhiteTitle "FM"]
[BlackTitle "FM"]
[WhiteElo "2401"]
[BlackElo "2355"]
[WhiteClock "00:02:42"]
[BlackClock "00:02:04"]
[WhiteTeam "Thüringen"]
[BlackTeam "Niedersachsen"]
[PlyCount "87"]
[WhiteFideId "12967300"]
[BlackFideId "16200462"]
[EventCountry "GER"]
[EventRounds "7"]
[EventType "team-swiss"]
[EventDate "2022.09.30"]

1. d4 {[%clk 01:30:57]} {[%emt 00:00:01]} d5 {[%clk 01:30:54]} {[%emt
00:00:06]} 2. c4 {[%clk 01:31:21]} {[%emt 00:00:06]} e6 {[%clk 01:31:20]}
{[%emt 00:00:04]} 3. Nc3 {[%clk 01:31:46]} {[%emt 00:00:06]} a6 {[%clk
01:31:43]} {[%emt 00:00:07]} 4. cxd5 {[%clk 01:31:49]} {[%emt 00:00:26]} exd5
{[%clk 01:32:08]} {[%emt 00:00:05]} 5. Bf4 {[%clk 01:32:13]} {[%emt 00:00:07]}
Nf6 {[%clk 01:31:35]} {[%emt 00:01:03]} 6. e3 {[%clk 01:32:32]} {[%emt
00:00:10]} Bd6 {[%clk 01:31:37]} {[%emt 00:00:27]} 7. Bg5 {[%clk 01:32:39]}
{[%emt 00:00:23]} c6 {[%clk 01:27:54]} {[%emt 00:04:13]} 8. Bd3 {[%clk
01:32:58]} {[%emt 00:00:11]} Be6 {[%clk 01:24:28]} {[%emt 00:03:56]} 9. Nge2
{[%clk 01:27:36]} {[%emt 00:05:53]} Nbd7 {[%clk 01:22:33]} {[%emt 00:02:24]}
10. Nf4 {[%clk 01:24:20]} {[%emt 00:03:46]} Qc7 {[%clk 01:16:13]} {[%emt
00:06:51]} 11. Nxe6 {[%clk 01:19:30]} {[%emt 00:05:19]} fxe6 {[%clk 01:16:31]}
{[%emt 00:00:13]} 12. Qf3 {[%clk 01:19:30]} {[%emt 00:00:31]} O-O-O {[%clk
01:13:24]} {[%emt 00:03:36]} 13. Qh3 {[%clk 01:16:33]} {[%emt 00:03:27]} e5
{[%clk 01:06:07]} {[%emt 00:07:48]} 14. O-O {[%clk 01:13:17]} {[%emt 00:03:45]}
Kb8 {[%clk 01:03:23]} {[%emt 00:03:15]} 15. Bf5 {[%clk 01:05:38]} {[%emt
00:08:09]} h6 {[%clk 00:57:02]} {[%emt 00:06:51]} 16. Bh4 {[%clk 01:03:06]}
{[%emt 00:03:02]} g5 {[%clk 00:53:25]} {[%emt 00:04:07]} 17. Bg3 {[%clk
01:03:27]} {[%emt 00:00:09]} h5 {[%clk 00:50:53]} {[%emt 00:03:02]} 18. dxe5
{[%clk 00:56:46]} {[%emt 00:07:11]} Nxe5 {[%clk 00:48:57]} {[%emt 00:02:26]}
19. f4 {[%clk 00:38:36]} {[%emt 00:18:40]} Nf7 {[%clk 00:44:02]} {[%emt
00:05:24]} 20. Be6 {[%clk 00:35:03]} {[%emt 00:04:03]} h4 {[%clk 00:30:16]}
{[%emt 00:14:17]} 21. Be1 {[%clk 00:34:27]} {[%emt 00:01:06]} Qe7 {[%clk
00:27:30]} {[%emt 00:03:16]} 22. e4 {[%clk 00:31:15]} {[%emt 00:03:43]} Bxf4
{[%clk 00:24:24]} {[%emt 00:03:36]} 23. exd5 {[%clk 00:30:59]} {[%emt
00:00:46]} cxd5 {[%clk 00:24:02]} {[%emt 00:00:52]} 24. Bxf7 {[%clk 00:29:18]}
{[%emt 00:02:11]} Qxf7 {[%clk 00:24:25]} {[%emt 00:00:07]} 25. Ne2 {[%clk
00:29:11]} {[%emt 00:00:36]} Ne4 {[%clk 00:19:50]} {[%emt 00:05:06]} 26. Qf3
{[%clk 00:27:50]} {[%emt 00:01:51]} Rdf8 {[%clk 00:17:13]} {[%emt 00:03:08]}
27. Nxf4 {[%clk 00:19:18]} {[%emt 00:09:01]} Qxf4 {[%clk 00:17:35]} {[%emt
00:00:08]} 28. Qxf4+ {[%clk 00:19:45]} {[%emt 00:00:03]} Rxf4 {[%clk 00:14:39]}
{[%emt 00:03:27]} 29. Rxf4 {[%clk 00:20:09]} {[%emt 00:00:05]} gxf4 {[%clk
00:15:07]} {[%emt 00:00:02]} 30. Rd1 {[%clk 00:20:32]} {[%emt 00:00:07]} Rh5
{[%clk 00:14:39]} {[%emt 00:00:59]} 31. Rd3 {[%clk 00:18:52]} {[%emt 00:02:10]}
h3 {[%clk 00:06:50]} {[%emt 00:08:19]} 32. Rf3 {[%clk 00:16:50]} {[%emt
00:02:32]} hxg2 {[%clk 00:03:02]} {[%emt 00:04:18]} 33. Rxf4 {[%clk 00:17:17]}
{[%emt 00:00:04]} Rh3 {[%clk 00:01:37]} {[%emt 00:01:54]} 34. Bg3 {[%clk
00:15:36]} {[%emt 00:02:11]} Nxg3 {[%clk 00:00:42]} {[%emt 00:01:25]} 35. Kxg2
{[%clk 00:16:00]} {[%emt 00:00:05]} Rh7 {[%clk 00:00:43]} {[%emt 00:00:29]} 36.
Kxg3 {[%clk 00:16:19]} {[%emt 00:00:12]} Kc7 {[%clk 00:01:02]} {[%emt
00:00:10]} 37. Rf2 {[%clk 00:07:57]} {[%emt 00:08:52]} Rg7+ {[%clk 00:01:05]}
{[%emt 00:00:27]} 38. Kf4 {[%clk 00:07:59]} {[%emt 00:00:28]} Rf7+ {[%clk
00:01:17]} {[%emt 00:00:18]} 39. Ke3 {[%clk 00:08:00]} {[%emt 00:00:29]} d4+
{[%clk 00:00:59]} {[%emt 00:00:48]} 40. Ke2 {[%clk 00:08:26]} {[%emt 00:00:04]}
Rh7 {[%clk 00:01:23]} {[%emt 00:00:06]} 41. Kd3 {[%clk 00:07:58]} {[%emt
00:00:58]} Rh4 {[%clk 00:01:46]} {[%emt 00:00:07]} 42. Kc4 {[%clk 00:05:38]}
{[%emt 00:02:50]} Kc6 {[%clk 00:01:42]} {[%emt 00:00:34]} 43. Rf6+ {[%clk
00:02:20]} {[%emt 00:03:48]} Kc7 {[%clk 00:02:04]} {[%emt 00:00:08]} 44. Rf2
{[%clk 00:02:42]} {[%emt 00:00:08]} 1/2-1/2

[Event "Deutsche Ländermeisterschaft 2022"]
[Site "Wiesbaden GER"]
[Date "2022.10.01"]
[Round "1"]
[White "Pubantz, Jan"]
[Black "Müller, Magnus"]
[Result "1/2-1/2"]
[Termination "normal"]
[Board "5.2"]
[WhiteElo "2273"]
[BlackElo "2004"]
[WhiteClock "00:16:13"]
[BlackClock "00:29:14"]
[WhiteTeam "Niedersachsen"]
[BlackTeam "Thüringen"]
[PlyCount "88"]
[WhiteFideId "12996114"]
[BlackFideId "16230060"]
[EventCountry "GER"]
[EventRounds "7"]
[EventType "team-swiss"]
[EventDate "2022.09.30"]

1. d4 {[%clk 01:30:56]} {[%emt 00:00:02]} Nf6 {[%clk 01:30:39]} {[%emt
00:00:21]} 2. c4 {[%clk 01:31:21]} {[%emt 00:00:06]} g6 {[%clk 01:30:45]}
{[%emt 00:00:25]} 3. Nc3 {[%clk 01:31:35]} {[%emt 00:00:17]} Bg7 {[%clk
01:31:08]} {[%emt 00:00:06]} 4. e4 {[%clk 01:31:55]} {[%emt 00:00:11]} d6
{[%clk 01:31:24]} {[%emt 00:00:13]} 5. Nf3 {[%clk 01:32:10]} {[%emt 00:00:15]}
O-O {[%clk 01:31:46]} {[%emt 00:00:08]} 6. Be2 {[%clk 01:32:29]} {[%emt
00:00:12]} e5 {[%emt 00:00:28]} 7. Be3 {[%emt 00:00:59]} exd4 {[%emt 00:00:42]}
8. Nxd4 {[%clk 01:31:39]} {[%emt 00:00:09]} Re8 9. Qc2 {[%emt 00:01:38]} c6
{[%clk 01:32:08]} {[%emt 00:00:01]} 10. O-O {[%clk 01:27:26]} {[%emt 00:04:43]}
Qe7 {[%clk 01:32:06]} {[%emt 00:00:32]} 11. Bf3 {[%clk 01:14:23]} {[%emt
00:13:32]} Nbd7 {[%clk 01:31:55]} {[%emt 00:00:41]} 12. h3 {[%clk 01:08:50]}
Ne5 {[%clk 01:19:56]} {[%emt 00:18:32]} 13. Be2 {[%clk 01:07:01]} Ned7 {[%clk
01:18:21]} {[%emt 00:04:23]} 14. Bf3 {[%clk 01:03:13]} Ne5 {[%clk 01:13:48]}
{[%emt 00:09:21]} 15. Be2 {[%clk 01:03:41]} Ned7 {[%clk 01:13:48]} 16. Bd3
{[%clk 01:03:41]} Ne5 {[%clk 01:14:08]} 17. Rae1 {[%clk 01:03:41]} c5 {[%clk
01:13:48]} 18. Nde2 {[%clk 01:03:41]} Bd7 {[%clk 00:40:36]} {[%emt 00:56:20]}
19. Nf4 {[%clk 00:37:30]} Bc6 {[%clk 00:40:41]} {[%emt 00:07:31]} 20. Nfd5
{[%clk 00:35:11]} Nxd5 {[%clk 00:40:04]} {[%emt 00:03:54]} 21. exd5 {[%clk
00:33:17]} {[%emt 00:02:25]} Bd7 {[%clk 00:39:01]} {[%emt 00:01:32]} 22. Be2
{[%clk 00:30:43]} {[%emt 00:03:05]} f5 {[%clk 00:28:39]} {[%emt 00:10:52]} 23.
Qd2 {[%clk 00:29:47]} {[%emt 00:01:26]} Qh4 {[%clk 00:25:53]} {[%emt 00:03:16]}
24. Qc1 {[%clk 00:23:54]} {[%emt 00:06:23]} Nf7 {[%clk 00:25:23]} {[%emt
00:01:00]} 25. Kh2 {[%clk 00:14:35]} {[%emt 00:09:50]} Bd4 {[%clk 00:14:01]}
{[%emt 00:11:51]} 26. Qd2 {[%clk 00:09:41]} {[%emt 00:05:24]} Bxe3 {[%clk
00:09:14]} {[%emt 00:05:17]} 27. fxe3 {[%clk 00:10:06]} {[%emt 00:00:05]} Re5
{[%clk 00:09:20]} {[%emt 00:00:23]} 28. Bd3 {[%clk 00:08:57]} {[%emt 00:01:39]}
Rae8 {[%clk 00:09:01]} {[%emt 00:00:49]} 29. Re2 {[%clk 00:07:47]} {[%emt
00:01:40]} Qe7 {[%clk 00:04:29]} {[%emt 00:05:01]} 30. e4 {[%emt 00:03:24]}
fxe4 {[%clk 00:02:54]} {[%emt 00:02:03]} 31. Rxe4 {[%clk 00:04:21]} {[%emt
00:01:05]} Rxe4 {[%clk 00:02:56]} {[%emt 00:00:27]} 32. Bxe4 {[%emt 00:01:39]}
Ne5 {[%clk 00:03:05]} {[%emt 00:00:08]} 33. b3 {[%clk 00:03:36]} {[%emt
00:00:18]} Rf8 {[%clk 00:03:14]} {[%emt 00:00:21]} 34. Qe1 {[%clk 00:02:51]}
{[%emt 00:01:16]} Rxf1 {[%clk 00:02:45]} {[%emt 00:01:00]} 35. Qxf1 {[%clk
00:03:16]} {[%emt 00:00:04]} Ng4+ {[%emt 00:00:32]} 36. hxg4 {[%clk 00:02:28]}
{[%emt 00:01:17]} Qe5+ {[%emt 00:00:23]} 37. g3 {[%clk 00:02:06]} {[%emt
00:00:34]} Qxc3 {[%clk 00:03:38]} {[%emt 00:00:02]} 38. Qf4 {[%clk 00:02:26]}
{[%emt 00:00:10]} Qd4 {[%clk 00:01:28]} {[%emt 00:02:40]} 39. Qxd6 {[%clk
00:01:08]} {[%emt 00:01:48]} Qd2+ {[%clk 00:00:40]} {[%emt 00:01:18]} 40. Bg2
{[%clk 00:00:39]} {[%emt 00:00:59]} Qh6+ {[%clk 00:00:48]} {[%emt 00:00:22]}
41. Kg1 {[%clk 00:29:26]} {[%emt 00:01:42]} Qe3+ {[%clk 00:28:26]} {[%emt
00:02:53]} 42. Kh2 {[%clk 00:17:33]} {[%emt 00:12:23]} Qh6+ {[%clk 00:28:50]}
{[%emt 00:00:06]} 43. Kg1 {[%clk 00:17:26]} {[%emt 00:00:36]} Qe3+ {[%clk
00:29:14]} {[%emt 00:00:05]} 44. Kh2 {[%clk 00:16:13]} {[%emt 00:01:44]} Qh6+
{[%emt 00:00:05]} 1/2-1/2